Countries Colonized by The Netherlands by Continent - Statistics

General Stats
  • This quiz has been taken 304 times
  • The average score is 8 of 17
Answer Stats
Answer % Correct
Asia Indonesia
89%
South America Suriname
89%
North America United States
88%
South America Brazil
77%
Africa South Africa
77%
South America Guyana
73%
Asia India
64%
Africa Ghana
41%
Asia Taiwan
36%
North America Trinidad and Tobago
25%
Asia Bangladesh
24%
Asia Myanmar
22%
Africa Mauritius
21%
Africa Senegal
15%
Africa Sao Tome
9%
Africa Mauritania
7%
Asia Iraq
5%
No matching quizzes found
Score Distribution
Percent of People with Each Score
Percentile by Number Answered
Your Score History
You have not taken this quiz